[Event "Santa Cruz de Tenerife op 9th"]
[Site "Santa Cruz de Tenerife"]
[Date "2023.07.17"]
[Round "1"]
[White "De Leon Gonzalez, Yraya"]
[Black "Aguirre Lorenzo, Luis Francisco"]
[Result "0-1"]
[WhiteElo "1046"]
[BlackElo "1839"]
[PlyCount "54"]
[EventDate "2023.07.17"]
[EventType "swiss"]
[EventRounds "9"]
[EventCountry "ESP"]
[SourceTitle "CBM 215 Extra"]
[Source "ChessBase"]
[SourceDate "2023.09.30"]
[SourceVersion "1"]
[SourceVersionDate "2023.09.30"]
[SourceQuality "1"]

1. e4 c5 2. Nf3 Nc6 3. Bb5 g6 4. Bxc6 dxc6 5. 0-0 Bg7 6. d3 Nf6 7. Nc3 0-0 8. Be3 b6 9. Qd2 Ng4 10. Bf4 e5 11. Bg3 Qe7 12. h3 Nh6 13. Bh4 f6 14. Ng5 Nf7 15. Nxf7 Qxf7 16. Bg3 g5 17. h4 Qh5 18. hxg5 fxg5 19. Qe3 g4 20. Bh2 Bh6 21. Qg3 Bf4 22. Qxf4 exf4 23. Rfe1 Rf6 24. e5 Rh6 25. Rad1 Qxh2+ 26. Kf1 f3 27. gxf3 gxf3 0-1

[Event "Tenerife-chT Primera"]
[Site "Tenerife"]
[Date "2023.05.20"]
[Round "14"]
[White "Jorquera Fuentes, Hugo Samuel"]
[Black "Aguirre Lorenzo, Luis Francisco"]
[Result "1-0"]
[WhiteElo "1872"]
[BlackElo "1869"]
[PlyCount "38"]
[EventDate "2023.01.14"]
[EventType "team-tourn"]
[EventRounds "14"]
[EventCountry "ESP"]
[SourceTitle "EXT 2024"]
[Source "ChessBase"]
[SourceDate "2023.10.10"]
[SourceVersion "1"]
[SourceVersionDate "2023.10.10"]
[SourceQuality "1"]
[WhiteTeam "Al Shah Mat Los Realejos II"]
[BlackTeam "Circulo de Amistad XII Enero II"]
[WhiteTeamCountry "ESP"]
[BlackTeamCountry "ESP"]

1. e4 c5 2. d4 cxd4 3. c3 d3 4. Bxd3 Nf6 5. c4 e6 6. Nf3 Qc7 7. 0-0 Nc6 8. Nc3 a6 9. b3 Be7 10. Bb2 Rb8 11. Rc1 Ng4 12. Nd5 exd5 13. cxd5 Bd6 14. Ba3 Qa5 15. Bxd6 Ra8 16. dxc6 dxc6 17. e5 Bd7 18. Re1 Qd8 19. Bb1 Rg8 1-0

[Event "Tenerife-chT Preferente"]
[Site "Tenerife"]
[Date "2023.03.25"]
[Round "9.3"]
[White "Segura Marsa, Andres"]
[Black "Aguirre Lorenzo, Luis Francisco"]
[Result "0-1"]
[WhiteElo "1893"]
[BlackElo "1869"]
[PlyCount "112"]
[EventDate "2023.01.14"]
[EventType "team-tourn"]
[EventRounds "14"]
[EventCountry "ESP"]
[SourceTitle "EXT 2024"]
[Source "ChessBase"]
[SourceDate "2023.10.10"]
[SourceVersion "1"]
[SourceVersionDate "2023.10.10"]
[SourceQuality "1"]
[WhiteTeam "Caissa Enroque"]
[BlackTeam "Circulo de Amistad XII Enero"]
[WhiteTeamCountry "ESP"]
[BlackTeamCountry "ESP"]

1. e4 c5 2. Nf3 Nc6 3. d4 cxd4 4. Nxd4 Qc7 5. c4 Qe5 6. Nb5 a6 7. N5c3 e6 8. Be3 Nf6 9. f4 Qa5 10. e5 Ne4 11. Bd3 Nxc3 12. Nxc3 d6 13. Be4 dxe5 14. Qf3 Bd7 15. 0-0 Bc5 16. Qf2 Bxe3 17. Qxe3 exf4 18. Qxf4 f5 19. Rad1 Qc5+ 20. Kh1 Qe7 21. Bxf5 0-0 22. Qe4 g6 23. Bxg6 Rxf1+ 24. Rxf1 hxg6 25. Qxg6+ Qg7 26. Qh5 Rf8 27. Rxf8+ Kxf8 28. Qh4 Ne7 29. Qf4+ Nf5 30. Qb8+ Be8 31. h3 Qe7 32. g4 Qd6 33. Qxd6+ Nxd6 34. c5 Bc6+ 35. Kh2 Ne4 36. Nxe4 Bxe4 37. Kg3 e5 38. h4 Kf7 39. b4 Bc6 40. h5 Kf6 41. h6 Kg6 42. g5 Be4 43. Kh4 Bd3 44. a4 e4 45. Kg3 e3 46. Kf3 e2 47. Kf2 Kxg5 48. h7 Bxh7 49. Kxe2 Bc2 50. b5 Bxa4 51. bxa6 Bb5+ 52. Ke3 Bxa6 53. Kd4 Bb5 54. Kd5 Bc6+ 55. Ke5 Kg4 56. Kd6 Kf4 0-1

[Event "Tenerife-chT Preferente"]
[Site "Tenerife"]
[Date "2022.05.28"]
[Round "14.4"]
[White "Mendoza de Leon, Alvaro"]
[Black "Aguirre Lorenzo, Luis Francisco"]
[Result "0-1"]
[WhiteElo "1264"]
[BlackElo "1859"]
[PlyCount "92"]
[EventDate "2022.01.29"]
[EventType "team-tourn"]
[EventRounds "14"]
[EventCountry "ESP"]
[SourceTitle "EXT 2024"]
[Source "ChessBase"]
[SourceDate "2023.10.10"]
[SourceVersion "1"]
[SourceVersionDate "2023.10.10"]
[SourceQuality "1"]
[WhiteTeam "Piratas La Orotava"]
[BlackTeam "Circulo de Amistad XII Enero"]
[WhiteTeamCountry "ESP"]
[BlackTeamCountry "ESP"]

1. e4 c5 2. Nc3 Nc6 3. f4 g6 4. Nf3 Bg7 5. Bb5 Nd4 6. 0-0 a6 7. Bc4 e6 8. a3 Ne7 9. Ba2 0-0 10. d3 b5 11. Ne2 Bb7 12. Nexd4 cxd4 13. Qe1 Rc8 14. Bb3 Nc6 15. Bd2 d6 16. Rc1 Qe7 17. Qg3 a5 18. Qh3 a4 19. Ba2 Rfe8 20. f5 Ne5 21. Nxd4 Nc4 22. Nxb5 Nxd2 23. Rfe1 exf5 24. Qe3 Bxb2 25. Rcd1 Ba6 26. Qb6 Bxb5 27. Qxb5 Bd4+ 28. Kh1 Rxc2 29. Qd5 Bg7 30. Re2 Rc5 31. Qxf7+ Qxf7 32. Bxf7+ Kxf7 33. Rexd2 fxe4 34. dxe4 Rxe4 35. Rxd6 Rce5 36. Rd7+ Re7 37. Rf1+ Bf6 38. Rdd1 Re3 39. Rd6 R3e6 40. Rdd1 Kg7 41. h3 Re3 42. Rd6 Bb2 43. Rd8 Re1 44. Rxe1 Rxe1+ 45. Kh2 Bxa3 46. Rd4 Ra1 0-1

[Event "Tenerife-chT Primera"]
[Site "Tenerife"]
[Date "2021.10.02"]
[Round "13.2"]
[White "Aguirre Lorenzo, Luis Francisco"]
[Black "Mamani Beltran, Daniel"]
[Result "0-1"]
[WhiteElo "1794"]
[BlackElo "1834"]
[PlyCount "170"]
[EventDate "2021.02.27"]
[EventType "team-tourn"]
[EventRounds "14"]
[EventCountry "ESP"]
[SourceTitle "EXT 2023"]
[Source "ChessBase"]
[SourceDate "2022.10.05"]
[SourceVersion "1"]
[SourceVersionDate "2022.10.05"]
[SourceQuality "1"]
[WhiteTeam "Circulo de Amistad XII Enero"]
[BlackTeam "Fundacion La Caja de Canarias II"]
[WhiteTeamCountry "ESP"]
[BlackTeamCountry "ESP"]

1. d4 Nf6 2. c4 e6 3. Nc3 Bb4 4. e3 0-0 5. Nge2 d5 6. a3 Be7 7. Ng3 c5 8. cxd5 Nxd5 9. Be2 Nc6 10. Bf3 cxd4 11. Nxd5 exd5 12. exd4 Qb6 13. Ne2 Bf6 14. 0-0 Rd8 15. Nc3 Ne7 16. Re1 Be6 17. Be3 Nf5 18. Na4 Qd6 19. Nc5 Bc8 20. Qd2 b6 21. Na4 Be6 22. Rac1 h6 23. Nc3 Nxe3 24. fxe3 Rac8 25. g3 Qd7 26. Qg2 Kf8 27. Be2 Qb7 28. Qf1 Qb8 29. Ba6 Rc7 30. Nb5 Re7 31. Qf4 Qxf4 32. gxf4 Bh4 33. Red1 Bg4 34. Rd3 g5 35. Rc7 Rde8 36. Rxe7 Rxe7 37. fxg5 Bxg5 38. Kf2 Bh4+ 39. Kg1 Re6 40. Bc8 Be2 41. Bxe6 Bxd3 42. Bd7 Ke7 43. Bc6 Bxb5 44. Bxb5 Be1 45. b3 f5 46. Kf1 Bc3 47. Ke2 f4 48. Kd3 Bb2 49. exf4 Bxa3 50. Kc3 Bd6 51. f5 Bxh2 52. Bc6 Kd6 53. Be8 Bg3 54. Bf7 Be1+ 55. Kd3 b5 56. Be8 a6 57. Bf7 Bf2 58. Bh5 Bh4 59. Bf3 a5 60. Bd1 Bf2 61. Kc3 Be1+ 62. Kd3 Bb4 63. Ke3 Ba3 64. Kd3 Bb2 65. Ke3 Kc6 66. Kd3 Bc1 67. Kc2 Bg5 68. Kd3 Kd6 69. Kc3 Ke7 70. Bf3 Kd6 71. Kd3 a4 72. bxa4 bxa4 73. Kc3 Bc1 74. Kb4 Bb2 75. Kxa4 Bxd4 76. Kb3 Bf6 77. Kc2 Ke5 78. Kd3 d4 79. Bg4 Kf4 80. Bh3 Kg3 81. Bf1 h5 82. Ke4 h4 83. Kd5 h3 84. Bd3 h2 85. Be4 d3 0-1

[Event "Tenerife-chT Primera"]
[Site "Tenerife"]
[Date "2021.09.18"]
[Round "11.3"]
[White "Aguirre Lorenzo, Luis Francisco"]
[Black "Lugo Lugo, Vladimiro"]
[Result "1-0"]
[WhiteElo "1794"]
[BlackElo "1282"]
[PlyCount "45"]
[EventDate "2021.02.27"]
[EventType "team-tourn"]
[EventRounds "14"]
[EventCountry "ESP"]
[SourceTitle "EXT 2023"]
[Source "ChessBase"]
[SourceDate "2022.10.05"]
[SourceVersion "1"]
[SourceVersionDate "2022.10.05"]
[SourceQuality "1"]
[WhiteTeam "Circulo de Amistad XII Enero"]
[BlackTeam "Playa San Juan"]
[WhiteTeamCountry "ESP"]
[BlackTeamCountry "ESP"]

1. d4 e6 2. c4 d5 3. Nc3 Nf6 4. Bg5 Nbd7 5. cxd5 exd5 6. Nxd5 Be7 7. Nxe7 Qxe7 8. Nf3 h6 9. Bh4 g5 10. Bg3 Nd5 11. e3 N7f6 12. Bd3 g4 13. Ne5 h5 14. Bh4 a5 15. 0-0 a4 16. Bb5+ c6 17. Nxc6 Qd7 18. Na7 Rxa7 19. Bxd7+ Bxd7 20. f3 gxf3 21. Bxf6 Nxf6 22. Qxf3 Ke7 23. Qxf6+ 1-0

[Event "Santa Cruz de Tenerife Primavera op"]
[Site "Santa Cruz de Tenerife"]
[Date "2019.03.13"]
[Round "2"]
[White "Hidalgo Santana, Fernando"]
[Black "Aguirre Lorenzo, Luis Francisco"]
[Result "1-0"]
[WhiteElo "2116"]
[BlackElo "1863"]
[PlyCount "139"]
[EventDate "2019.03.11"]
[EventType "swiss"]
[EventRounds "9"]
[EventCountry "ESP"]
[SourceTitle "CBM 190 Extra"]
[Source "ChessBase"]
[SourceDate "2019.07.15"]
[SourceVersion "1"]
[SourceVersionDate "2019.07.15"]
[SourceQuality "1"]

1. g3 Nf6 2. Bg2 g6 3. e4 d6 4. d3 Bg7 5. f4 c5 6. Nf3 c4 7. Nc3 cxd3 8. Qxd3 Nc6 9. 0-0 0-0 10. h3 Qb6+ 11. Kh2 Qa5 12. a3 Be6 13. Bd2 Qc5 14. Be3 Qc4 15. Ng5 Qxd3 16. cxd3 Bb3 17. Rf2 h6 18. Nf3 Rac8 19. Rc1 Be6 20. Nh4 Bd7 21. Kg1 h5 22. b4 b6 23. d4 e5 24. Nf3 exd4 25. Nxd4 Nxd4 26. Bxd4 Rc4 27. Rd1 Rfc8 28. e5 Ne8 29. Nd5 Rc1 30. Rfd2 Ba4 31. Ne7+ Kf8 32. Nxc8 Bxd1 33. Nxd6 Nc7 34. Bb2 Rb1 35. Kf2 Ba4 36. Be4 Rd1 37. Rxd1 Bxd1 38. Nc8 a5 39. Nxb6 axb4 40. axb4 Ke8 41. Bc6+ Kd8 42. Nd5 Ne6 43. Ke3 h4 44. gxh4 Bf8 45. Bc3 Bb3 46. Nf6 Bh6 47. Bd5 Bxf4+ 48. Kf2 Bxd5 49. Nxd5 Bc1 50. Kf3 Nc7 51. Ke4 Nb5 52. Be1 Bb2 53. Nf4 Kd7 54. Bd2 Nd4 55. h5 gxh5 56. Nxh5 Nc6 57. Nf6+ Ke6 58. Ng4 Nxe5 59. Nxe5 Bxe5 60. Bf4 f5+ 61. Kf3 Bc3 62. b5 Kd5 63. b6 Kc6 64. Be3 Be5 65. h4 Kb7 66. h5 Kc6 67. h6 Kb7 68. Bf4 Bd4 69. Bc7 Bc3 70. h7 1-0

[Event "Santa Cruz de Tenerife March 18 op"]
[Site "Santa Cruz de Tenerife"]
[Date "2018.03.07"]
[Round "2"]
[White "Molina Rodriguez, Borja"]
[Black "Aguirre Lorenzo, Luis Francisco"]
[Result "1-0"]
[WhiteElo "2172"]
[BlackElo "1928"]
[PlyCount "55"]
[EventDate "2018.03.05"]
[EventType "swiss"]
[EventRounds "9"]
[EventCountry "ESP"]
[SourceTitle "CBM 183 Extra"]
[Source "ChessBase"]
[SourceDate "2018.04.19"]
[SourceVersion "1"]
[SourceVersionDate "2018.04.19"]
[SourceQuality "1"]

1. e4 c5 2. Nf3 Nc6 3. d4 cxd4 4. Nxd4 Qc7 5. Nc3 e6 6. Be3 a6 7. Qf3 Nf6 8. 0-0-0 b5 9. Nxc6 Qxc6 10. Bd3 Bb7 11. Bd4 Be7 12. Qg3 b4 13. Ne2 Rc8 14. e5 Nh5 15. Qg4 g6 16. f3 Qa4 17. Kb1 Bd5 18. b3 Qc6 19. Rc1 Qb7 20. Ng3 Ng7 21. h4 h5 22. Qf4 a5 23. Ne4 Nf5 24. Bb2 Qc7 25. c4 Bb7 26. g4 Ng7 27. Nd6+ Kf8 28. Qxf7# 1-0

[Event "Tenerife-chT Preferente 1718"]
[Site "Tenerife"]
[Date "2018.01.20"]
[Round "7.4"]
[White "Aguirre Lorenzo, Luis Francisco"]
[Black "Gil Ojeda, Jorge"]
[Result "0-1"]
[WhiteElo "1952"]
[BlackElo "1849"]
[PlyCount "120"]
[EventDate "2017.11.11"]
[EventType "team-tourn"]
[EventRounds "14"]
[EventCountry "ESP"]
[SourceTitle "EXT 2019"]
[Source "ChessBase"]
[SourceDate "2018.10.10"]
[SourceVersion "1"]
[SourceVersionDate "2018.10.10"]
[SourceQuality "1"]
[WhiteTeam "Canarias 64"]
[BlackTeam "Fundacion La Caja de Canarias"]
[WhiteTeamCountry "ESP"]
[BlackTeamCountry "ESP"]

1. d4 Nf6 2. c4 g6 3. Nc3 Bg7 4. e4 d6 5. Nf3 0-0 6. Be2 e5 7. 0-0 Na6 8. d5 Nc5 9. Nd2 a5 10. Re1 Ne8 11. Nb3 b6 12. Nxc5 bxc5 13. a3 f5 14. Rb1 Nf6 15. b4 axb4 16. axb4 cxb4 17. Rxb4 fxe4 18. Be3 h5 19. h3 Rf7 20. c5 dxc5 21. Bxc5 Bf8 22. d6 Be6 23. Nxe4 Nxe4 24. Rxe4 Bxd6 25. Be3 Qd7 26. Bc4 Bxc4 27. Rxc4 Qf5 28. Qd5 Rb8 29. g4 hxg4 30. hxg4 Qf3 31. Qxf3 Rxf3 32. Ra1 Rb4 33. Ra4 Rxa4 34. Rxa4 Rf8 35. Kg2 Kf7 36. Kf3 Ke6+ 37. Ke4 Rb8 38. f4 exf4 39. Bxf4 Rb6 40. Bxd6 Kxd6 41. Ra8 c5 42. Kf4 c4 43. Kg5 Kc5 44. Kf4 Rd6 45. Ke3 Kb4 46. Rb8+ Kc3 47. Rb5 Re6+ 48. Kf4 Kc2 49. g5 c3 50. Rb8 Kc1 51. Rf8 c2 52. Rf6 Rxf6+ 53. gxf6 Kb1 54. Kg5 c1Q+ 55. Kxg6 Qg1+ 56. Kh7 Qh2+ 57. Kg6 Qg3+ 58. Kh7 Qh4+ 59. Kg6 Qg4+ 60. Kh6 Qg8 0-1